[Event "Europa ch Femenino 2013"]
[Site "Belgrado SER"]
[Date "2013.07.31"]
[Round "8.63"]
[White "Gavasheli, Ana"]
[Black "Panic, Anastasija"]
[Result "1-0"]
[WhiteElo "2170"]
[BlackElo "1948"]
[PlyCount "63"]
[EventDate "2013.07.23"]
[EventType "swiss"]
[EventRounds "11"]
[EventCountry "SER"]
[Source "lmi"]
[SourceDate "2013.07.22"]

1. c4 Nf6 2. Nc3 e5 3. g3 g6 4. Bg2 Bg7 5. Nf3 d6 6. d4 exd4 7. Nxd4 O-O 8. O-O
Nbd7 9. e4 Nc5 10. h3 c6 11. Bf4 Nh5 12. Be3 Ne6 13. Nf5 Nhf4 14. Nxd6 Nxg2 15.
Kxg2 Qa5 16. Nxc8 Raxc8 17. Qc2 f5 18. exf5 gxf5 19. Ne2 Be5 20. f4 Bb8 21. Nd4
Nxd4 22. Bxd4 Rcd8 23. Qc3 Qxc3 24. Bxc3 h5 25. Rad1 Kf7 26. Kf3 Rg8 27. Rfe1
a6 28. Bb4 Rxd1 29. Rxd1 b5 30. cxb5 axb5 31. Rd7+ Ke6 32. Rh7 1-0

[Event "Europa ch Femenino 2013"]
[Site "Belgrado SER"]
[Date "2013.07.31"]
[Round "8.64"]
[White "Egorova, Ayyyna"]
[Black "Nikoladze, Sopio"]
[Result "0-1"]
[WhiteElo "1991"]
[BlackElo "2163"]
[PlyCount "52"]
[EventDate "2013.07.23"]
[EventType "swiss"]
[EventRounds "11"]
[EventCountry "SER"]
[Source "lmi"]
[SourceDate "2013.07.22"]

1. e4 d6 2. c4 e5 3. Nf3 Nd7 4. d4 g6 5. Be2 Bg7 6. O-O Ne7 7. dxe5 dxe5 8. Be3
O-O 9. Qc1 f5 10. Ng5 Nf6 11. c5 f4 12. Bc4+ Kh8 13. Bd2 Qe8 14. Nc3 Nc6 15.
Nd5 Nxd5 16. Bxd5 Nd4 17. Qc4 h6 18. Nf7+ Kh7 19. Bb4 c6 20. Nd6 cxd5 21. exd5
Qd8 22. c6 bxc6 23. dxc6 Rf6 24. c7 Qd7 25. Qd5 f3 26. Qxe5 Qg4 0-1

[Event "Europa ch Femenino 2013"]
[Site "Belgrado SER"]
[Date "2013.07.31"]
[Round "8.65"]
[White "Jacimovic, Sara"]
[Black "Golubeva, Oksana"]
[Result "0-1"]
[WhiteElo "1971"]
[BlackElo "2149"]
[PlyCount "64"]
[EventDate "2013.07.23"]
[EventType "swiss"]
[EventRounds "11"]
[EventCountry "SER"]
[Source "lmi"]
[SourceDate "2013.07.22"]

1. e4 e6 2. d4 d5 3. e5 c5 4. c3 Qb6 5. Nf3 Bd7 6. Be2 Nc6 7. a3 a5 8. b3 f6 9.
Bb2 fxe5 10. Nxe5 Nxe5 11. dxe5 g6 12. Nd2 Bg7 13. c4 d4 14. f4 Ne7 15. g4 Bc6
16. Rf1 O-O 17. Bd3 a4 18. b4 Rf7 19. b5 Bd7 20. Ne4 Nd5 21. cxd5 exd5 22. Nd6
Re7 23. Qe2 Bxg4 24. Qxg4 Qxd6 25. O-O-O Qc7 26. Bc2 Ra5 27. f5 Rxb5 28. Qh4 d3
29. Bxd3 Rxb2 30. fxg6 h6 31. Rf7 Qxe5 32. Qxa4 Qe3+ 0-1

[Event "Europa ch Femenino 2013"]
[Site "Belgrado SER"]
[Date "2013.07.31"]
[Round "8.66"]
[White "Milutinovic, Stefana"]
[Black "Belenkaya, Dina"]
[Result "1/2-1/2"]
[WhiteElo "2035"]
[BlackElo "2191"]
[PlyCount "89"]
[EventDate "2013.07.23"]
[EventType "swiss"]
[EventRounds "11"]
[EventCountry "SER"]
[Source "lmi"]
[SourceDate "2013.07.22"]

1. Nf3 d5 2. c4 dxc4 3. Qa4+ c6 4. Qxc4 Nf6 5. g3 Bf5 6. Bg2 e6 7. O-O Be7 8.
d3 O-O 9. b3 h6 10. Bb2 Nbd7 11. Qc2 Re8 12. Nbd2 Bf8 13. Nc4 Bh7 14. a3 a5 15.
Nfe5 Nxe5 16. Bxe5 Nd5 17. Qb2 f6 18. Bc3 Nxc3 19. Qxc3 e5 20. b4 axb4 21. axb4
Qd4 22. Qb3 Kh8 23. Rxa8 Rxa8 24. b5 e4 25. bxc6 bxc6 26. Rd1 exd3 27. exd3 Bc5
28. Qc2 Ra1 29. Rxa1 Qxa1+ 30. Bf1 Bf5 31. Qe2 Bh3 32. Nd2 Ba7 33. Qe8+ Kh7 34.
Qxc6 Qd1 35. Qe4+ f5 36. Qe2 Qa1 37. Nb3 Bxf1 38. Qxf1 Qa2 39. Nc1 Qc2 40. Kg2
Bc5 41. Qe1 Ba7 42. Qf1 Bb6 43. Qe1 Bc5 44. Kg1 Bb6 45. Kg2 1/2-1/2

[Event "Europa ch Femenino 2013"]
[Site "Belgrado SER"]
[Date "2013.07.31"]
[Round "8.67"]
[White "Khropova, Larisa"]
[Black "Baraeva, Irina"]
[Result "0-1"]
[WhiteElo "1987"]
[BlackElo "2171"]
[PlyCount "84"]
[EventDate "2013.07.23"]
[EventType "swiss"]
[EventRounds "11"]
[EventCountry "SER"]
[Source "lmi"]
[SourceDate "2013.07.22"]

1. d4 d5 2. Nf3 Nf6 3. c4 c6 4. Nc3 dxc4 5. a4 Bf5 6. e3 e6 7. Bxc4 Bb4 8. O-O
O-O 9. Ne5 Nbd7 10. f4 Qe7 11. Qb3 Nb6 12. Bd3 Bxd3 13. Nxd3 Ba5 14. Qc2 Nbd5
15. Bd2 Nb4 16. Nxb4 Bxb4 17. a5 c5 18. Ne2 cxd4 19. Bxb4 Qxb4 20. Ra4 Qe7 21.
Nxd4 Rac8 22. Rc4 Rxc4 23. Qxc4 Nd5 24. Re1 a6 25. g3 Qd7 26. Qb3 Qc7 27. Qa3
Qc4 28. Re2 Qc1+ 29. Kf2 Qh1 30. Nf3 Nf6 31. Ng1 Qxh2+ 32. Kf1 Qxg3 33. Rg2 Qh4
34. Qc3 Rd8 35. Rd2 Nd5 36. Qb3 Qg3 37. Re2 Rc8 38. Re1 h6 39. Qd3 Nxf4 40. Qe4
Nh3 41. Nxh3 Qxh3+ 42. Kg1 Rc5 0-1

[Event "Europa ch Femenino 2013"]
[Site "Belgrado SER"]
[Date "2013.07.31"]
[Round "8.68"]
[White "Batyte, Daiva"]
[Black "Bejatovic, Bojana"]
[Result "1-0"]
[WhiteElo "2161"]
[BlackElo "2002"]
[PlyCount "81"]
[EventDate "2013.07.23"]
[EventType "swiss"]
[EventRounds "11"]
[EventCountry "SER"]
[Source "lmi"]
[SourceDate "2013.07.22"]

1. c4 f5 2. Nc3 Nf6 3. g3 e6 4. Bg2 d5 5. cxd5 exd5 6. Nf3 c6 7. d4 Bd6 8. O-O
Qe7 9. Qc2 O-O 10. Bh3 Ne4 11. Ne1 Na6 12. a3 f4 13. Bxc8 Raxc8 14. Ng2 Ng5 15.
Bxf4 Nh3+ 16. Kh1 Bxf4 17. gxf4 Nxf4 18. Nxf4 Rxf4 19. e3 Rff8 20. Rae1 Nc7 21.
f4 Ne6 22. b4 a6 23. Rg1 Rce8 24. Ref1 Qf6 25. Qg2 Rf7 26. Rf3 Nf8 27. f5 Nd7
28. Rg3 Kh8 29. Ne2 Ree7 30. Rf3 Re4 31. Nf4 Kg8 32. Nh5 Qe7 33. Rg3 Rh4 34.
Nxg7 Kf8 35. Ne6+ Ke8 36. Rg8+ Nf8 37. Qg3 Rxf5 38. Ng7+ Kd7 39. Nxf5 Qe4+ 40.
Qg2 Qxf5 41. Rf1 1-0

[Event "Europa ch Femenino 2013"]
[Site "Belgrado SER"]
[Date "2013.07.31"]
[Round "8.69"]
[White "Khalafova, Narmin"]
[Black "Dizdarevic, Barbara"]
[Result "1/2-1/2"]
[WhiteElo "2107"]
[BlackElo "1981"]
[PlyCount "69"]
[EventDate "2013.07.23"]
[EventType "swiss"]
[EventRounds "11"]
[EventCountry "SER"]
[Source "lmi"]
[SourceDate "2013.07.22"]

1. e4 c5 2. Nf3 Nc6 3. d4 cxd4 4. Nxd4 e6 5. Nc3 d6 6. Be3 Nf6 7. f4 Be7 8. Qf3
O-O 9. O-O-O Bd7 10. Rg1 Qa5 11. g4 Nxd4 12. Bxd4 e5 13. Be3 exf4 14. Bxf4 Be6
15. g5 Ne8 16. Kb1 Rc8 17. Nd5 Bd8 18. Bd3 g6 19. h4 Bxd5 20. exd5 Bb6 21. Rh1
Bd4 22. c4 Qb6 23. Rh2 Ng7 24. Bc1 Nh5 25. Re2 Be5 26. Be3 Qb4 27. Rc2 b5 28.
Bd2 Qa4 29. b3 Qa3 30. Bc1 Qb4 31. Bd2 Qa3 32. Bc1 Qb4 33. Bd2 Qa3 34. Bc1 Qb4
35. Bd2 1/2-1/2

[Event "Europa ch Femenino 2013"]
[Site "Belgrado SER"]
[Date "2013.07.31"]
[Round "8.70"]
[White "Kruljac, Petra"]
[Black "Kaplan, Ebru"]
[Result "1-0"]
[WhiteElo "2092"]
[BlackElo "1885"]
[PlyCount "101"]
[EventDate "2013.07.23"]
[EventType "swiss"]
[EventRounds "11"]
[EventCountry "SER"]
[Source "lmi"]
[SourceDate "2013.07.22"]

1. d4 Nf6 2. c4 g6 3. Nc3 d5 4. cxd5 Nxd5 5. e4 Nxc3 6. bxc3 Bg7 7. Be3 c5 8.
Rc1 Qa5 9. Qd2 e6 10. Nf3 O-O 11. d5 Rd8 12. c4 Qxd2+ 13. Nxd2 b6 14. Be2 exd5
15. cxd5 f5 16. f3 Ba6 17. g4 fxe4 18. fxe4 Re8 19. a4 Bxe2 20. Kxe2 Nd7 21. g5
Rac8 22. Nc4 Bf8 23. Kd3 a6 24. Rb1 Rb8 25. Bf4 b5 26. axb5 axb5 27. Bxb8 bxc4+
28. Kxc4 Nxb8 29. e5 Nd7 30. e6 Ne5+ 31. Kc3 Nf3 32. h4 Nd4 33. Rb7 Nf5 34. Re1
Bg7+ 35. Kc2 Bf8 36. h5 Be7 37. hxg6 hxg6 38. Rd7 Kf8 39. Rh1 Kg8 40. Kd3 Rc8
41. Rc1 Kf8 42. Ke4 c4 43. Rc3 Bxg5 44. d6 Ke8 45. Rh3 Bf6 46. Kd5 c3 47. Rh2
Ne7+ 48. Rxe7+ Bxe7 49. Rh8+ Bf8 50. d7+ Kd8 51. Rxf8+ 1-0

[Event "Europa ch Femenino 2013"]
[Site "Belgrado SER"]
[Date "2013.07.31"]
[Round "8.71"]
[White "Injac, Teodora"]
[Black "Visanescu, Daria-Ioana"]
[Result "0-1"]
[WhiteElo "1713"]
[BlackElo "2061"]
[PlyCount "112"]
[EventDate "2013.07.23"]
[EventType "swiss"]
[EventRounds "11"]
[EventCountry "SER"]
[Source "lmi"]
[SourceDate "2013.07.22"]

1. d4 d5 2. c4 e6 3. Nc3 Nf6 4. Bg5 Be7 5. e3 h6 6. Bh4 O-O 7. Nf3 b6 8. Bxf6
Bxf6 9. Qb3 dxc4 10. Bxc4 Bb7 11. Rd1 Nc6 12. Be2 Qe7 13. e4 g6 14. O-O Na5 15.
Qc2 Rad8 16. Qc1 Kh7 17. Qf4 Bg7 18. h4 a6 19. h5 g5 20. Qe3 f6 21. Nh2 Rd7 22.
f4 f5 23. e5 g4 24. Bd3 Qh4 25. Qe2 Kh8 26. d5 exd5 27. Nb1 d4 28. Nd2 b5 29.
b4 Nc6 30. a3 Ne7 31. Qe1 Qxh5 32. Nb3 Bd5 33. Nc5 Rdd8 34. Nxa6 g3 35. Qxg3
Rg8 36. Qe1 Bf6 37. Rd2 Qh3 38. Nf3 Bxf3 39. Rxf3 Qxf3 40. exf6 Qe3+ 41. Qxe3
dxe3 42. Rd1 Nd5 43. f7 Rgf8 44. Bxf5 Nxf4 45. Rxd8 Rxd8 46. Bd7 Kg7 47. Nc5
Kxf7 48. Kf1 Ke7 49. g3 Nh5 50. Bxb5 Nxg3+ 51. Ke1 Rd2 52. Nd3 Ra2 53. Kd1 Ra1+
54. Kc2 e2 55. Kd2 Rd1+ 56. Ke3 Rxd3+ 0-1

[Event "Europa ch Femenino 2013"]
[Site "Belgrado SER"]
[Date "2013.07.31"]
[Round "8.72"]
[White "Paramentic, Mila"]
[Black "Djukic, Sandra"]
[Result "1/2-1/2"]
[WhiteElo "1936"]
[BlackElo "2197"]
[PlyCount "108"]
[EventDate "2013.07.23"]
[EventType "swiss"]
[EventRounds "11"]
[EventCountry "SER"]
[Source "lmi"]
[SourceDate "2013.07.22"]

1. e4 c5 2. Nc3 Nc6 3. g3 g6 4. d3 Bg7 5. Bg2 d6 6. Be3 b6 7. Nge2 Bb7 8. Qd2
Qd7 9. O-O Nd4 10. Nd1 Rc8 11. Nc1 h5 12. h3 e6 13. c3 Nc6 14. d4 cxd4 15. cxd4
Na5 16. b3 Ne7 17. Ne2 d5 18. e5 Ba6 19. Re1 Nf5 20. Bg5 Bf8 21. Ne3 Nxe3 22.
Qxe3 Ba3 23. Bf6 Rh7 24. Rab1 Nc6 25. Nc1 Nb4 26. Rd1 Qc6 27. Bf1 Bxf1 28. Kxf1
Qc2 29. Ne2 Kd7 30. Nf4 Nxa2 31. Ra1 Bb2 32. Rd2 Bxa1 33. Rxc2 Rxc2 34. Qd3 Nb4
35. Qb5+ Nc6 36. Ne2 Rd2 37. Qa4 Rd1+ 38. Kg2 Bxd4 39. Nxd4 Rxd4 40. Qa6 Kc7
41. h4 Rb4 42. Qd3 Kb7 43. Qc3 a5 44. Qd3 Rd4 45. Qc2 Rb4 46. Qd3 Re4 47. f4
Rd4 48. Qc3 Rb4 49. Qd3 Rd4 50. Qc3 Re4 51. Qd3 Rb4 52. Qc3 Rb5 53. Qd3 Rc5 54.
Kh3 Nb4 1/2-1/2

[Event "Europa ch Femenino 2013"]
[Site "Belgrado SER"]
[Date "2013.07.31"]
[Round "8.73"]
[White "Olea, Liliana"]
[Black "Bogumil, Tatiana"]
[Result "1-0"]
[WhiteElo "1905"]
[BlackElo "2084"]
[PlyCount "123"]
[EventDate "2013.07.23"]
[EventType "swiss"]
[EventRounds "11"]
[EventCountry "SER"]
[Source "lmi"]
[SourceDate "2013.07.22"]

1. e4 d6 2. d4 g6 3. h3 Bg7 4. Nc3 c6 5. a4 a5 6. g3 Na6 7. Bg2 Qc7 8. Nge2 e5
9. Be3 Nf6 10. O-O O-O 11. f4 Nb4 12. Qd2 exd4 13. Bxd4 d5 14. e5 Nd7 15. Bf2
Re8 16. Nd4 Nf8 17. Rfe1 Ne6 18. Nb3 Bf8 19. Ne2 Ng7 20. c3 Na6 21. Qd4 b6 22.
g4 Nc5 23. Qd1 Nxb3 24. Qxb3 Bc5 25. Nd4 Ba6 26. Kh1 h5 27. Qc2 Qd7 28. Bf3
hxg4 29. hxg4 Ne6 30. Qd2 Nxd4 31. Bxd4 Qe7 32. g5 Qe6 33. Qh2 Kf8 34. Qh8+ Ke7
35. Qf6+ Kd7 36. Kg2 Bd3 37. Kg3 Qxf6 38. gxf6 Bf5 39. Rh1 Ke6 40. Rh7 Rh8 41.
Rah1 Rxh7 42. Rxh7 Bxd4 43. cxd4 c5 44. Rh2 cxd4 45. Rd2 d3 46. Bg4 d4 47. Rxd3
Bxg4 48. Kxg4 Kd5 49. Rb3 Ke4 50. Rxb6 d3 51. Rd6 Rb8 52. Rd7 Ke3 53. Rxf7 Rd8
54. Rh7 d2 55. Rh3+ Ke4 56. Rh1 d1=Q+ 57. Rxd1 Rxd1 58. f7 Rg1+ 59. Kh3 Rh1+
60. Kg2 Rh8 61. e6 Rb8 62. e7 1-0

[Event "Europa ch Femenino 2013"]
[Site "Belgrado SER"]
[Date "2013.07.31"]
[Round "8.74"]
[White "Miladinovic, Lena"]
[Black "Gjergji, Rozana"]
[Result "1/2-1/2"]
[WhiteElo "2083"]
[BlackElo "1917"]
[PlyCount "85"]
[EventDate "2013.07.23"]
[EventType "swiss"]
[EventRounds "11"]
[EventCountry "SER"]
[Source "lmi"]
[SourceDate "2013.07.22"]

1. d4 f5 2. Nf3 Nf6 3. g3 e6 4. Bg2 d5 5. O-O Bd6 6. c4 c6 7. b3 O-O 8. Qc2
Nbd7 9. Bb2 Ne4 10. Ne5 Bxe5 11. dxe5 Qc7 12. cxd5 exd5 13. Nc3 Qd8 14. e3 Qe7
15. f3 Nxc3 16. Qxc3 Re8 17. f4 Nc5 18. Qd4 Ne4 19. Rac1 Be6 20. Bxe4 dxe4 21.
Qd6 Rad8 22. Qxe7 Rxe7 23. Ba3 Red7 24. Bd6 h5 25. Rf2 Bd5 26. b4 b5 27. Rd2
Kf7 28. Kf2 Ke6 29. h3 g6 30. Rg1 Rh7 31. a3 Rdh8 32. Ke1 Kd7 33. Bc5 Ke6 34.
Rdg2 a6 35. Kd2 Rd8 36. Kc3 Bc4 37. Bd6 Kd5 38. Rd1+ Bd3 39. Ra1 Ra8 40. Bc5 a5
41. Rgg1 a4 42. Ra2 Rg8 43. h4 1/2-1/2

[Event "Europa ch Femenino 2013"]
[Site "Belgrado SER"]
[Date "2013.07.31"]
[Round "8.75"]
[White "Brankov, Kristina"]
[Black "Cemhan, Kardelen"]
[Result "0-1"]
[WhiteElo "1903"]
[BlackElo "2052"]
[PlyCount "80"]
[EventDate "2013.07.23"]
[EventType "swiss"]
[EventRounds "11"]
[EventCountry "SER"]
[Source "lmi"]
[SourceDate "2013.07.22"]

1. e4 e5 2. d4 exd4 3. Qxd4 Nc6 4. Qe3 Nf6 5. Nc3 Bb4 6. Bd2 O-O 7. O-O-O Re8
8. Qg3 Nxe4 9. Nxe4 Rxe4 10. Bf4 Qf6 11. Nh3 d6 12. Bd3 Nd4 13. Kb1 Ne2 14. Qf3
Ba3 15. Bc1 Qxf3 16. gxf3 Re8 17. Ng5 Nxc1 18. Kxc1 Bc5 19. Ne4 Bb6 20. Rhg1
Kh8 21. Bc4 Be6 22. Bxe6 Rxe6 23. Rg2 Rae8 24. c4 a6 25. Nc3 Rf6 26. Rd3 Re1+
27. Kd2 Rfe6 28. Ne4 Rb1 29. Kc2 Rf1 30. Rd2 Re1 31. a3 g6 32. b4 f5 33. Nc3 c6
34. Nd1 Kg7 35. Nc3 a5 36. Kd3 Ra1 37. Ra2 Ree1 38. Kc2 Rxa2+ 39. Nxa2 Re2+ 40.
Kb1 Bd4 0-1

[Event "Europa ch Femenino 2013"]
[Site "Belgrado SER"]
[Date "2013.07.31"]
[Round "8.76"]
[White "Kezele, Tamara"]
[Black "Gurcan, Aytolun"]
[Result "1/2-1/2"]
[WhiteElo "1994"]
[BlackElo "1705"]
[PlyCount "62"]
[EventDate "2013.07.23"]
[EventType "swiss"]
[EventRounds "11"]
[EventCountry "SER"]
[Source "lmi"]
[SourceDate "2013.07.22"]

1. e4 c5 2. Nf3 Nc6 3. Bb5 g6 4. c3 Bg7 5. O-O e5 6. Re1 Nge7 7. d3 O-O 8. Be3
b6 9. Qd2 a6 10. Bxc6 Nxc6 11. Bh6 d5 12. Bxg7 Kxg7 13. h3 f5 14. exf5 Rxf5 15.
Qe2 Qf6 16. Nbd2 Ra7 17. Nf1 Rf7 18. Ne3 Rh5 19. Nxd5 Qd8 20. Ne3 Bxh3 21. gxh3
Rxh3 22. Kg2 Rfxf3 23. Qxf3 Rxf3 24. Kxf3 Qf6+ 25. Ke2 h5 26. f3 Nd8 27. Nd5
Qe6 28. Ne3 Qf6 29. Nd5 Qe6 30. Ne3 Qf6 31. Nd5 Qe6 1/2-1/2

[Event "Europa ch Femenino 2013"]
[Site "Belgrado SER"]
[Date "2013.07.31"]
[Round "8.77"]
[White "Velikic, Adela"]
[Black "Nestorovic, Katarina"]
[Result "1-0"]
[WhiteElo "1992"]
[BlackElo "1484"]
[PlyCount "47"]
[EventDate "2013.07.23"]
[EventType "swiss"]
[EventRounds "11"]
[EventCountry "SER"]
[Source "lmi"]
[SourceDate "2013.07.22"]

1. e4 c5 2. Nf3 e6 3. d4 cxd4 4. Nxd4 Nf6 5. Nc3 d6 6. g4 h6 7. h4 Be7 8. Qf3
Qb6 9. Bb5+ Bd7 10. Be3 Qc7 11. g5 hxg5 12. hxg5 Rxh1+ 13. Qxh1 Ng4 14. Nxe6
fxe6 15. Qh5+ Kf8 16. Qxg4 g6 17. Bxd7 Qxd7 18. Qh3 Kg8 19. O-O-O e5 20. Qh6
Qe8 21. Nd5 Bd8 22. Rh1 Kf7 23. Qh7+ Ke6 24. Rh6 1-0

[Event "Europa ch Femenino 2013"]
[Site "Belgrado SER"]
[Date "2013.07.31"]
[Round "8.78"]
[White "Pihajlic, Amalija"]
[Black "Oliveira, Maria Ines"]
[Result "0-1"]
[WhiteElo "1882"]
[BlackElo "1978"]
[PlyCount "48"]
[EventDate "2013.07.23"]
[EventType "swiss"]
[EventRounds "11"]
[EventCountry "SER"]
[Source "lmi"]
[SourceDate "2013.07.22"]

1. e4 c5 2. Nc3 e6 3. d3 Nc6 4. f4 d5 5. e5 Nge7 6. Nf3 Nf5 7. g3 Be7 8. Bg2
Rb8 9. O-O b5 10. Ne2 Qb6 11. Kh1 h5 12. h4 Bb7 13. c3 d4 14. Kh2 Rd8 15. Qc2
O-O 16. Neg1 c4 17. Rd1 dxc3 18. bxc3 cxd3 19. Rxd3 Rxd3 20. Qxd3 Qf2 21. Ne2
Rd8 22. Qxb5 Na5 23. Ned4 Nxd4 24. Be3 Nxf3+ 0-1

[Event "Europa ch Femenino 2013"]
[Site "Belgrado SER"]
[Date "2013.07.31"]
[Round "8.79"]
[White "Rudovic, Anja"]
[Black "Serefidou, Despina"]
[Result "0-1"]
[WhiteElo "1549"]
[BlackElo "1971"]
[PlyCount "106"]
[EventDate "2013.07.23"]
[EventType "swiss"]
[EventRounds "11"]
[EventCountry "SER"]
[Source "lmi"]
[SourceDate "2013.07.22"]

1. e4 c5 2. Nf3 d6 3. d4 cxd4 4. Nxd4 Nf6 5. Nc3 a6 6. h3 e5 7. Nde2 h5 8. g3
b5 9. Bg2 Bb7 10. a3 Nbd7 11. Be3 Nb6 12. b3 Be7 13. f4 Nbd7 14. O-O Rc8 15.
Qd2 Qc7 16. Rfd1 O-O 17. Rac1 Nc5 18. Nd5 Bxd5 19. exd5 exf4 20. Bxf4 Rfe8 21.
Nd4 Nce4 22. Qd3 Nc3 23. Rd2 Ncxd5 24. Bg5 Qc5 25. b4 Nxb4 26. axb4 Qxg5 27.
Nf5 d5 28. Nxe7+ Rxe7 29. Rf1 Ne4 30. Bxe4 dxe4 31. Qd6 Re6 32. Qf4 Qxf4 33.
Rxf4 e3 34. Re2 Rd8 35. Rf3 Rd1+ 36. Kg2 Rd2 37. Rxd2 exd2 38. Rd3 Re2+ 39. Kf3
d1=Q 40. Rxd1 Rxc2 41. Rd8+ Kh7 42. Rd7 Rc4 43. Ra7 Rxb4 44. Rxa6 f6 45. Rb6
Kg6 46. h4 Rb3+ 47. Kf4 Rb1 48. Rb7 b4 49. Ke3 b3 50. Kd2 b2 51. Rb3 Rg1 52.
Kc2 b1=Q+ 53. Rxb1 Rxb1 0-1

[Event "Europa ch Femenino 2013"]
[Site "Belgrado SER"]
[Date "2013.07.31"]
[Round "8.80"]
[White "Rakic, Teodora"]
[Black "Mahmutbegovic, Nadina"]
[Result "1/2-1/2"]
[WhiteElo "1862"]
[BlackElo "1800"]
[PlyCount "126"]
[EventDate "2013.07.23"]
[EventType "swiss"]
[EventRounds "11"]
[EventCountry "SER"]
[Source "lmi"]
[SourceDate "2013.07.22"]

1. d4 d5 2. c4 e5 3. dxe5 d4 4. Nf3 Nc6 5. Bf4 Nge7 6. e3 Ng6 7. Bg5 f6 8. exf6
gxf6 9. Bh4 Bb4+ 10. Nbd2 Bg4 11. Bg3 dxe3 12. fxe3 Qe7 13. Qe2 O-O-O 14. O-O-O
Rhe8 15. h3 Bxf3 16. Qxf3 Qc5 17. Nb3 Rxd1+ 18. Kxd1 Qg5 19. Bf4 Nxf4 20. exf4
Rd8+ 21. Kc1 Qh6 22. Be2 a5 23. a4 Nd4 24. Nxd4 Rxd4 25. g3 Bd2+ 26. Kc2 Qf8
27. Rd1 Qd6 28. Bd3 Bb4 29. Qe2 Qd7 30. Kb3 Kb8 31. Bf5 Qd8 32. Rxd4 Qxd4 33.
Bxh7 Qd7 34. Qh5 Be1 35. g4 Qe7 36. Bc2 Qb4+ 37. Ka2 Qxc4+ 38. Bb3 Qc6 39. Qd5
Qxd5 40. Bxd5 Bd2 41. f5 Bg5 42. Kb3 Kc8 43. Be6+ Kd8 44. Kc4 b6 45. Kd5 Ke7
46. Kc6 Kd8 47. b3 Bh4 48. Bc4 Bg5 49. Bb5 Bh4 50. Kd5 Ke7 51. Bc4 Bg5 52. Bb5
Bh4 53. Bd3 Bg5 54. Bc4 Bh4 55. g5 fxg5 56. Ke5 Bg3+ 57. Ke4 Kf6 58. Kf3 Bd6
59. Kg4 Bh2 60. Be6 Bd6 61. Bd7 Be5 62. Be6 Bd6 63. Bd7 Be5 1/2-1/2

[Event "Europa ch Femenino 2013"]
[Site "Belgrado SER"]
[Date "2013.07.31"]
[Round "8.81"]
[White "Korbovljanovic, Natasa"]
[Black "Milanovic, Maja"]
[Result "0-1"]
[WhiteElo "1877"]
[BlackElo "1969"]
[PlyCount "132"]
[EventDate "2013.07.23"]
[EventType "swiss"]
[EventRounds "11"]
[EventCountry "SER"]
[Source "lmi"]
[SourceDate "2013.07.22"]

1. e4 c5 2. d4 cxd4 3. Nf3 e6 4. c3 dxc3 5. Nxc3 a6 6. Bc4 Qc7 7. Qe2 Nc6 8.
O-O Nf6 9. Rd1 Be7 10. e5 Ng4 11. Bf4 g5 12. Bg3 h5 13. h3 Nh6 14. Ne4 Qd8 15.
Nd6+ Bxd6 16. exd6 Nf5 17. Be5 Nxe5 18. Qxe5 Rg8 19. Nh2 f6 20. Qe2 Ng7 21. Bd3
Kf7 22. Qf3 Rh8 23. Nf1 f5 24. Ng3 Qf6 25. Bc4 Rb8 26. a4 b6 27. Qd3 g4 28. Kh2
gxh3 29. gxh3 h4 30. Ne2 Nh5 31. Qd4 Bb7 32. Nf4 Qxd4 33. Rxd4 Nxf4 34. Rxf4
Kf6 35. Bd3 Rbg8 36. Rg1 Ke5 37. Rb4 Rxg1 38. Kxg1 Rg8+ 39. Kf1 Kxd6 40. Rxb6+
Kc7 41. Rb4 Rh8 42. Rc4+ Kb6 43. Rb4+ Ka7 44. Rf4 Bc6 45. Bc2 Kb6 46. b4 Bd5
47. Bd3 Rh6 48. Rd4 Rh8 49. Bxf5 Bf3 50. Bg4 Bc6 51. Be2 Bxa4 52. Bd3 Bc6 53.
Rg4 Bf3 54. Rf4 Bc6 55. Rd4 Rh5 56. Be2 Rh6 57. Bd3 e5 58. Rg4 Bf3 59. Rc4 Rd6
60. Be2 e4 61. Bxf3 exf3 62. Ke1 Re6+ 63. Kd1 Re2 64. Rxh4 Rxf2 65. Rd4 Rh2 66.
h4 Rh1+ 0-1

[Event "Europa ch Femenino 2013"]
[Site "Belgrado SER"]
[Date "2013.07.31"]
[Round "8.82"]
[White "Sekulovic, Dusica"]
[Black "Velickovski-Nejkovic, Maja"]
[Result "0-1"]
[WhiteElo "1805"]
[BlackElo "2083"]
[PlyCount "96"]
[EventDate "2013.07.23"]
[EventType "swiss"]
[EventRounds "11"]
[EventCountry "SER"]
[Source "lmi"]
[SourceDate "2013.07.22"]

1. e4 d6 2. Nc3 e5 3. g3 Nf6 4. Bg2 Be7 5. d3 h6 6. Nge2 c6 7. O-O b5 8. d4 Qc7
9. a3 a6 10. Be3 O-O 11. Kh1 Nbd7 12. f4 Bb7 13. h3 c5 14. d5 b4 15. Nb1 a5 16.
Nd2 Ba6 17. b3 Nh5 18. Kh2 exf4 19. gxf4 Bh4 20. Rg1 Bxe2 21. Qxe2 Bg3+ 22. Kh1
Bxf4 23. Bf3 Ng3+ 24. Rxg3 Bxg3 25. Qg2 Be5 26. Rg1 Kh8 27. a4 Rg8 28. Nc4 Rae8
29. Rf1 Qd8 30. Bh5 g6 31. Be2 Kg7 32. Bg4 Nf6 33. Be2 Bc3 34. Bf3 Qe7 35. Bf4
Nxe4 36. Bxe4 Qxe4 37. Bxd6 Qxg2+ 38. Kxg2 Re2+ 39. Kg3 Rd8 40. Rd1 Bd4 41. Rc1
h5 42. Kf3 Rf2+ 43. Kg3 Rf5 44. Bc7 Rdxd5 45. Bxa5 h4+ 46. Kg2 Rf2+ 47. Kh1 Rg5
48. Bc7 Rg3 0-1

[Event "Europa ch Femenino 2013"]
[Site "Belgrado SER"]
[Date "2013.07.31"]
[Round "8.83"]
[White "Ivekovic, Ivana"]
[Black "Sarjanovic, Andjela"]
[Result "1/2-1/2"]
[WhiteElo "1858"]
[BlackElo "1655"]
[PlyCount "58"]
[EventDate "2013.07.23"]
[EventType "swiss"]
[EventRounds "11"]
[EventCountry "SER"]
[Source "lmi"]
[SourceDate "2013.07.22"]

1. d4 Nf6 2. c4 g6 3. Nc3 d5 4. cxd5 Nxd5 5. e4 Nxc3 6. bxc3 Bg7 7. Be3 c5 8.
Nf3 Nc6 9. Qd2 Bg4 10. Bb5 Bxf3 11. Bxc6+ bxc6 12. gxf3 cxd4 13. cxd4 c5 14.
Rd1 cxd4 15. Bxd4 Bxd4 16. Qxd4 Qxd4 17. Rxd4 e6 18. Ke2 Ke7 19. Rhd1 Rad8 20.
Ke3 Rxd4 21. Rxd4 Rc8 22. Ra4 Rc7 23. Kd3 Kd6 24. Ra5 e5 25. Ra6+ Kc5 26. Ra5+
Kd6 27. Ra6+ Kc5 28. Ra5+ Kd6 29. Ra6+ Kc5 1/2-1/2

[Event "Europa ch Femenino 2013"]
[Site "Belgrado SER"]
[Date "2013.07.31"]
[Round "8.84"]
[White "Jankovic, Milanka"]
[Black "Nikolovska, Dragana"]
[Result "0-1"]
[WhiteElo "1619"]
[BlackElo "1848"]
[PlyCount "82"]
[EventDate "2013.07.23"]
[EventType "swiss"]
[EventRounds "11"]
[EventCountry "SER"]
[Source "lmi"]
[SourceDate "2013.07.22"]

1. d4 Nf6 2. Nc3 d5 3. Bg5 e6 4. e3 Be7 5. h3 O-O 6. Nf3 h6 7. Bxf6 Bxf6 8. Bd3
c5 9. b3 Nc6 10. Bb5 a6 11. Bxc6 bxc6 12. O-O cxd4 13. exd4 c5 14. Ne2 cxd4 15.
Rb1 e5 16. Re1 Qb6 17. Nc1 e4 18. Nh2 g6 19. Nf1 Bb7 20. Kh1 Rfe8 21. Re2 a5
22. a4 Rad8 23. Nh2 Ba6 24. Rd2 Qc5 25. Ng4 Bg7 26. Ne2 h5 27. Nh2 e3 28. Rxd4
Bxe2 29. Rxd5 Rxd5 30. Qxe2 Rd2 31. Qb5 Qxb5 32. axb5 e2 33. Re1 Rd1 34. Nf3
Bc3 35. Rg1 Rxg1+ 36. Kxg1 e1=Q+ 37. Nxe1 Rxe1+ 38. Kh2 Re2 39. b6 Be5+ 40. g3
Rxf2+ 41. Kg1 Rxc2 0-1

[Event "Europa ch Femenino 2013"]
[Site "Belgrado SER"]
[Date "2013.08.01"]
[Round "9.1"]
[White "Hoang, Thanh Trang"]
[Black "Melia, Salome"]
[Result "1/2-1/2"]
[WhiteElo "2467"]
[BlackElo "2428"]
[PlyCount "80"]
[EventDate "2013.07.23"]
[EventType "swiss"]
[EventRounds "11"]
[EventCountry "SER"]
[Source "lmi"]
[SourceDate "2013.07.22"]

1. d4 d5 2. c4 e6 3. Nf3 Nf6 4. g3 Be7 5. Bg2 O-O 6. O-O dxc4 7. Qc2 a6 8. Qxc4
b5 9. Qc2 Bb7 10. Bf4 Nc6 11. Rd1 Rc8 12. Nc3 Nb4 13. Qc1 Nbd5 14. Nxd5 Bxd5
15. Be3 Ng4 16. Ne1 c5 17. dxc5 Nxe3 18. Qxe3 Bxc5 19. Qf4 Bd6 20. Qd2 Bxg2 21.
Qxd6 Bb7 22. Qxd8 Rfxd8 23. Rac1 Rxd1 24. Rxd1 Kf8 25. f3 Ke7 26. Kf2 a5 27. a3
Rc4 28. Ke3 e5 29. Nd3 f6 30. Rc1 Rxc1 31. Nxc1 Bd5 32. Kd3 Kd6 33. Kc3 g5 34.
b4 a4 35. Nd3 Bc4 36. Kd2 Bxd3 37. Kxd3 f5 38. g4 fxg4 39. fxg4 Kd5 40. e4+ Kd6
1/2-1/2